000 00396 a2200133 4500
000 nam a22 7a 4500
100 _aचड्ढा, एन. के.
110 _aचड्ढा, एन. के.
245 _aइमोशनल इंटेलिजेंस
250 _alatest edition
260 _bThe Readers Paradise
_c2026
264 _bThe Readers Paradise
_c2026
942 _cBK
999 _c396852
_d396852